Genocide in Rwanda : (Record no. 118331)
[ view plain ]
| 000 -LEADER | |
|---|---|
| fixed length control field | 00952nam a2200277 a 4500 |
| 001 - CONTROL NUMBER | |
| control field | 4918633 |
| 003 - CONTROL NUMBER IDENTIFIER | |
| control field | ARRUPE |
| 005 - DATE AND TIME OF LATEST TRANSACTION | |
| control field | 20140925020006.0 |
| 008 - FIXED-LENGTH DATA ELEMENTS--GENERAL INFORMATION | |
| fixed length control field | 941018s1994 enka 000 0 eng |
| 010 ## - LIBRARY OF CONGRESS CONTROL NUMBER | |
| LC control number | 94220352 |
| 020 ## - INTERNATIONAL STANDARD BOOK NUMBER | |
| International Standard Book Number | 1898088055 |
| 040 ## - CATALOGING SOURCE | |
| Original cataloging agency | DLC |
| Transcribing agency | DLC |
| 043 ## - GEOGRAPHIC AREA CODE | |
| Geographic area code | f-rw--- |
| 050 00 - LIBRARY OF CONGRESS CALL NUMBER | |
| Classification number | DT450.435 |
| Item number | .G46 1994 |
| 300 ## - PHYSICAL DESCRIPTION | |
| Other physical details | ill. ; |
| Dimensions | 21 cm. |
| 100 ## - MAIN ENTRY--PERSONAL NAME | |
| Personal name | Abdulai, Napoleon |
| 9 (RLIN) | 2466 |
| 245 00 - TITLE STATEMENT | |
| Title | Genocide in Rwanda : |
| Remainder of title | background & current situation / |
| Statement of responsibility, etc | edited by Napoleon Abdulai. |
| 260 ## - PUBLICATION, DISTRIBUTION, ETC. (IMPRINT) | |
| Place of publication, distribution, etc | London : |
| Name of publisher, distributor, etc | Africa Research and Information Centre, |
| Date of publication, distribution, etc | 1994. |
| 300 ## - PHYSICAL DESCRIPTION | |
| Extent | 68 p. : |
| 650 #0 - SUBJECT ADDED ENTRY--TOPICAL TERM | |
| Topical term or geographic name as entry element | Genocide |
| Geographic subdivision | Rwanda. |
| 9 (RLIN) | 2467 |
| 651 #0 - SUBJECT ADDED ENTRY--GEOGRAPHIC NAME | |
| Geographic name | Rwanda |
| General subdivision | History |
| Chronological subdivision | Civil War, 1994 |
| General subdivision | Atrocities. |
| 9 (RLIN) | 2468 |
| 651 #0 - SUBJECT ADDED ENTRY--GEOGRAPHIC NAME | |
| Geographic name | Rwanda |
| General subdivision | Ethnic relations. |
| 9 (RLIN) | 2469 |
| 700 1# - ADDED ENTRY--PERSONAL NAME | |
| Personal name | Abdulai, Napoleon. |
| 9 (RLIN) | 2470 |
| 906 ## - LOCAL DATA ELEMENT F, LDF (RLIN) | |
| a | 7 |
| b | cbc |
| c | orignew |
| d | 2 |
| e | ncip |
| f | 19 |
| g | y-gencatlg |
| 942 ## - ADDED ENTRY ELEMENTS (KOHA) | |
| Source of classification or shelving scheme | Library of Congress Classification |
| Koha item type | Monograph ( Printed materials) |
| Koha issues (borrowed), all copies | 3 |
| Withdrawn status | Lost status | Source of classification or shelving scheme | Damaged status | Not for loan | Collection code | Home library | Current library | Shelving location | Date acquired | Total Checkouts | Full call number | Barcode | Date last seen | Date checked out | Price effective from | Koha item type |
|---|---|---|---|---|---|---|---|---|---|---|---|---|---|---|---|---|
| Library of Congress Classification | Main Collection | ARRUPE LIBRARY | ARRUPE LIBRARY | Main Collection | 11/10/2013 | 7 | DT450.435 .G46 1994 | 46410770 | 07/12/2017 | 17/10/2017 | 11/10/2013 | Monograph ( Printed materials) |